书目信息 |
| 题名: |
沧桑文丛 文坛风云录
|
|
| 作者: | 黎之 著 | |
| 分册: | ||
| 出版信息: | 郑州 河南人民出版社 1998.12 |
|
| 页数: | 557页 | |
| 开本: | 32开 | |
| 丛书名: | ||
| 单 册: | ||
| 中图分类: | C251 | |
| 科图分类: | ||
| 主题词: | 社会科学--组织机构 , 社会科学--团体 , 社会科学--会议 , 社会科学--国家行政机关 | |
| 电子资源: | ||
| ISBN: | 7-215-04398-3 | |
| 000 | 00656nam0 2200229 45 | |
| 001 | 0007251708 | |
| 005 | 20000725171204.0 | |
| 010 | @a7-215-04398-3@d25.00元 | |
| 100 | @a20000725d1998 km y0chiy0120 ea | |
| 101 | 0 | @achi |
| 105 | @a z 000yy | |
| 200 | 1 | @a沧桑文丛 文坛风云录@ACang Sang Wen Cong Wen Tan Feng Yun Lu@f黎之 著@FLi Zhi Zhu |
| 210 | @a郑州@c河南人民出版社@d1998.12 | |
| 215 | @a557页@d32开 | |
| 606 | 0 | @a社会科学@x组织机构 |
| 606 | 0 | @a社会科学@x团体 |
| 606 | 0 | @a社会科学@x会议 |
| 606 | 0 | @a社会科学@x国家行政机关 |
| 690 | @aC251@v3 | |
| 701 | 0 | @a黎之@4著 |
| 801 | @aCN@bPftUser@c20000725 | |
| 905 | @b78111-115@dC251@eL.337@f5 | |
| 沧桑文丛 文坛风云录/黎之 著.-郑州:河南人民出版社,1998.12 |
| 557页;32开 |
| ISBN 7-215-04398-3:25.00元 |
| ● |
| 相关链接 |
|
|
|
正题名:沧桑文丛文坛风云录
索取号:C251/L.337
 
预约/预借
| 序号 | 登录号 | 条形码 | 馆藏地/架位号 | 状态 | 备注 |
| 1 | 78111 | 200781118 | 社科库509/509社科库 53排7列2层/ [索取号:C251/L.337] | 在馆 | |
| 2 | 78112 | 200781127 | 社科库509/509社科库 53排7列2层/ [索取号:C251/L.337] | 在馆 | |
| 3 | 78113 | 200781136 | 社科库509/422社科库 49排4列1层/ [索取号:C251/L.337] | 在馆 | |
| 4 | 78114 | 200781145 | 社科库509/509社科库 53排7列2层/ [索取号:C251/L.337] | 在馆 | |
| 5 | 78115 | 200781154 | 社科库509/509社科库 53排7列2层/ [索取号:C251/L.337] | 在馆 |